000 00665nam a2200229 i 4500
001 bg
100 1 _aHARVIE, Christopher
245 1 0 _aScotland :
_ba short history /
_cChristopher Harvie.
260 _aOxford :
_bOxford University Press,
_c2002.
300 _aXIII, 265 s. :
_bil. ;
_c20 cm.
504 _aBibliogr. - Indeks.
651 9 _aSzkocja (Wielka Brytania)
_xhistoria
655 _aPodręczniki
020 _a0192100548
040 _cBPK
041 0 _aeng
080 _a94(411)(07)
920 _a0-19-210054-8
942 _cKS
008 s pl f |000 0 pol
999 _c51528
_d51528
856 _uhttp://koha.tu.koszalin.pl/cgi-bin/koha/opac-detail.pl?biblionumber=51528
_yKatalog online BPK